[Event "SVK-chT2B 0910"]
[Site "Slovakia"]
[Date "2010.02.06"]
[Round "8"]
[White "Skrabakova, Katarina"]
[Black "Lovas, Miroslav"]
[Result "1/2-1/2"]
[WhiteElo "2050"]
[BlackElo "2082"]
[PlyCount "87"]
[EventDate "2009.10.10"]
[EventType "team"]
[EventRounds "11"]
[EventCountry "SVK"]
[SourceTitle "EXT 2011"]
[Source "ChessBase"]
[SourceDate "2010.11.26"]
[SourceVersion "1"]
[SourceVersionDate "2010.11.26"]
[SourceQuality "1"]
[WhiteTeam "Bystrica SKS II"]
[BlackTeam "Partizanske"]
[WhiteTeamCountry "SVK"]
[BlackTeamCountry "SVK"]

1. e4 e5 2. Nf3 Nf6 3. Nxe5 d6 4. Nf3 Nxe4 5. Nc3 Nxc3 6. dxc3 Be7 7. Bf4 Nc6 8. Qd2 a6 9. Bc4 Be6 10. Bxe6 fxe6 11. Ng5 Qd7 12. Qe2 e5 13. Be3 Qf5 14. 0-0-0 0-0-0 15. h4 Rde8 16. g4 Qf8 17. Ne4 Qf7 18. c4 Rhf8 19. Rh3 Qe6 20. Nc3 Bd8 21. f3 Rf7 22. Nd5 Ne7 23. Qd3 Rh8 24. c5 Nxd5 25. Qxd5 Qxd5 26. Rxd5 Rhf8 27. cxd6 cxd6 28. Rxd6 Rxf3 29. Rxf3 Rxf3 30. Bg5 Bxg5+ 31. hxg5 e4 32. Re6 e3 33. Kd1 Kd7 34. Rb6 Kc7 35. Re6 Kd7 36. Rb6 Kc7 37. Re6 Rg3 38. Re7+ Kc6 39. Rxg7 Rxg4 40. Rxh7 Rxg5 41. Re7 Rg1+ 42. Ke2 Rb1 43. b3 Rb2 44. Kd3 1/2-1/2

[Event "SVK-chT2B 0910"]
[Site "Slovakia"]
[Date "2009.12.12"]
[Round "5"]
[White "Zahorsky, Dusan"]
[Black "Lovas, Miroslav"]
[Result "1/2-1/2"]
[WhiteElo "2054"]
[BlackElo "2082"]
[PlyCount "87"]
[EventDate "2009.10.10"]
[EventType "team"]
[EventRounds "11"]
[EventCountry "SVK"]
[SourceTitle "EXT 2011"]
[Source "ChessBase"]
[SourceDate "2010.11.26"]
[SourceVersion "1"]
[SourceVersionDate "2010.11.26"]
[SourceQuality "1"]
[WhiteTeam "Topolcianky"]
[BlackTeam "Partizanske"]
[WhiteTeamCountry "SVK"]
[BlackTeamCountry "SVK"]

1. e4 e5 2. Nf3 Nf6 3. Nc3 Bb4 4. Bc4 Nc6 5. d3 d5 6. exd5 Nxd5 7. Bd2 Bxc3 8. Bxc3 Nxc3 9. bxc3 0-0 10. Nd2 Na5 11. Bb3 Nxb3 12. axb3 Be6 13. Qf3 Qd5 14. 0-0 Qc5 15. Ne4 Qc6 16. Ra5 f6 17. Rfa1 a6 18. b4 Rad8 19. c4 Bf7 20. Qe3 Bg6 21. f3 Bxe4 22. fxe4 Qb6 23. Qxb6 cxb6 24. Rd5 Kf7 25. Kf2 Ke6 26. Ke3 Rd6 27. g4 Rc8 28. Rg1 Rxd5 29. exd5+ Kd6 30. Ke4 Rf8 31. h4 Rf7 32. Rf1 g6 33. c3 a5 34. c5+ bxc5 35. bxa5 Rf8 36. c4 Rf7 37. Rf2 Rf8 38. Rb2 f5+ 39. gxf5 gxf5+ 40. Kf3 Re8 41. Rb6+ Kc7 42. Rf6 e4+ 43. Ke3 Re5 44. Rf7+ 1/2-1/2

[Event "SVK-chT2B 0910"]
[Site "Slovakia"]
[Date "2009.10.11"]
[Round "2"]
[White "Lovas, Miroslav"]
[Black "Gulbis, Adrian"]
[Result "0-1"]
[WhiteElo "2082"]
[BlackElo "2091"]
[PlyCount "70"]
[EventDate "2009.10.10"]
[EventType "team"]
[EventRounds "11"]
[EventCountry "SVK"]
[SourceTitle "EXT 2011"]
[Source "ChessBase"]
[SourceDate "2010.11.26"]
[SourceVersion "1"]
[SourceVersionDate "2010.11.26"]
[SourceQuality "1"]
[WhiteTeam "Partizanske"]
[BlackTeam "Nove Zamky Basta II"]
[WhiteTeamCountry "SVK"]
[BlackTeamCountry "SVK"]

1. e4 c5 2. d4 cxd4 3. c3 dxc3 4. Nxc3 Nc6 5. Nf3 e6 6. Bc4 a6 7. 0-0 Nge7 8. Bg5 f6 9. Be3 b5 10. Bb3 Ng6 11. Nd4 Nxd4 12. Bxd4 Be7 13. f4 0-0 14. Qh5 Kh8 15. f5 Ne5 16. Bxe5 fxe5 17. fxe6 dxe6 18. Rxf8+ Qxf8 19. Qxe5 Bc5+ 20. Kh1 Bd6 21. Qh5 Ra7 22. e5 Rf7 23. Ne2 g6 24. Qh4 Bb7 25. exd6 Rf1+ 26. Ng1 Rf4 27. Qe7 Qa8 28. h3 Bxg2+ 29. Kh2 Bh1 30. Kg3 Rf5 31. Bd5 Qxd5 32. Qe8+ Kg7 33. Qe7+ Rf7 34. Rd1 Qg2+ 35. Kh4 Qf2+ 0-1

[Event "SVK-chT2B 0809"]
[Site "Slovakia"]
[Date "2008.12.07"]
[Round "6.6"]
[White "Lovas, Miroslav"]
[Black "Sajtlava, Igor"]
[Result "1-0"]
[WhiteElo "2024"]
[BlackElo "1995"]
[PlyCount "39"]
[EventDate "2008.10.11"]
[EventType "team-tourn"]
[EventRounds "11"]
[EventCountry "SVK"]
[SourceTitle "EXT 2010"]
[Source "ChessBase"]
[SourceDate "2010.11.25"]
[SourceVersion "1"]
[SourceVersionDate "2010.11.25"]
[SourceQuality "1"]
[WhiteTeam "Partizanske SK Neomax"]
[BlackTeam "Belusa Hermes"]
[WhiteTeamCountry "SVK"]
[BlackTeamCountry "SVK"]

1. e4 c5 2. Nf3 d6 3. d4 cxd4 4. Nxd4 Nf6 5. Nc3 a6 6. Be3 e6 7. Be2 Be7 8. 0-0 Qc7 9. f4 Nc6 10. Qe1 Bd7 11. Rd1 Nxd4 12. Bxd4 Bc6 13. Bf3 e5 14. fxe5 dxe5 15. Qg3 Nd7 16. Be3 g6 17. Bg4 Bc5 18. Bxd7+ Bxd7 19. Nd5 Bxe3+ 20. Qxe3 1-0

[Event "SVK-chT2B 0809"]
[Site "Slovakia"]
[Date "2008.12.06"]
[Round "5.6"]
[White "Lovas, Miroslav"]
[Black "Helbich, Jan1111"]
[Result "1/2-1/2"]
[WhiteElo "2024"]
[BlackElo "2158"]
[PlyCount "118"]
[EventDate "2008.10.11"]
[EventType "team-tourn"]
[EventRounds "11"]
[EventCountry "SVK"]
[SourceTitle "EXT 2010"]
[Source "ChessBase"]
[SourceDate "2010.11.25"]
[SourceVersion "1"]
[SourceVersionDate "2010.11.25"]
[SourceQuality "1"]
[WhiteTeam "Partizanske SK Neomax"]
[BlackTeam "Prievidza SK II"]
[WhiteTeamCountry "SVK"]
[BlackTeamCountry "SVK"]

1. e4 g6 2. d3 Bg7 3. g3 d5 4. Nd2 dxe4 5. dxe4 Nc6 6. Ngf3 Bg4 7. Bg2 Qd7 8. c3 0-0-0 9. 0-0 Bh6 10. Qa4 Kb8 11. Nb3 Bxc1 12. Raxc1 Bxf3 13. Bxf3 Ne5 14. Qxd7 Nxf3+ 15. Kg2 Nh4+ 16. Kh3 Rxd7 17. Kxh4 h6 18. Rcd1 Rxd1 19. Rxd1 Kc8 20. Rd4 Nf6 21. e5 Nd7 22. f4 e6 23. Nd2 Nc5 24. Kg4 Rd8 25. Rxd8+ Kxd8 26. Kf3 Na4 27. Nc4 b5 28. Na3 a6 29. c4 b4 30. Nc2 c5 31. a3 Nxb2 32. axb4 Nxc4 33. bxc5 Kc7 34. Nd4 Nd2+ 35. Ke2 Ne4 36. c6 Nc3+ 37. Kd3 Nb5 38. Nb3 Kxc6 39. Kc4 Na3+ 40. Kb4 Nc2+ 41. Ka5 Ne3 42. Nd2 Kd5 43. Kxa6 Ng4 44. Kb6 Nxh2 45. Kc7 g5 46. Kd7 gxf4 47. gxf4 Ng4 48. Ke7 Nxe5 49. fxe5 Kxe5 50. Kxf7 Kf5 51. Kg7 h5 52. Kh6 Kg4 53. Ne4 h4 54. Kg6 e5 55. Ng5 Kf4 56. Kh5 Kg3 57. Ne4+ Kf4 58. Nf2 Kg3 59. Ne4+ Kf4 1/2-1/2

[Event "SVK-chT2B 0708"]
[Site "Slovakia"]
[Date "2007.11.03"]
[Round "3.4"]
[White "Teplan, Branislav"]
[Black "Lovas, Miroslav"]
[Result "0-1"]
[WhiteElo "1947"]
[BlackElo "2022"]
[PlyCount "52"]
[EventDate "2007.10.06"]
[EventType "team-tourn"]
[EventRounds "11"]
[EventCountry "SVK"]
[SourceTitle "EXT 2010"]
[Source "ChessBase"]
[SourceDate "2010.11.25"]
[SourceVersion "1"]
[SourceVersionDate "2010.11.25"]
[SourceQuality "1"]
[WhiteTeam "Nove Zamky Basta II"]
[BlackTeam "Partizanske SK Neomax"]
[WhiteTeamCountry "SVK"]
[BlackTeamCountry "SVK"]

1. e4 d6 2. d4 Nf6 3. Bd3 e5 4. Bg5 exd4 5. Nf3 Bg4 6. Bb5+ c6 7. Bc4 Qa5+ 8. Bd2 Qb6 9. Qe2 Nbd7 10. Bb3 Be7 11. Na3 0-0 12. h3 Bh5 13. g4 Bg6 14. e5 dxe5 15. Nxe5 Nxe5 16. Qxe5 Bxa3 17. 0-0-0 Rae8 18. Qh2 Bb4 19. f4 Be4 20. g5 Bxd2+ 21. Rxd2 Bxh1 22. gxf6 Re1+ 23. Rd1 Rxd1+ 24. Kxd1 Bf3+ 25. Kc1 d3 26. c3 Qe3+ 0-1

[Event "Stare Mesto op"]
[Site "Stare Mesto"]
[Date "2007.08.17"]
[Round "9"]
[White "Janko, Michal"]
[Black "Lovas, Miroslav"]
[Result "1-0"]
[WhiteElo "2134"]
[BlackElo "2007"]
[PlyCount "77"]
[EventDate "2007.08.10"]
[EventType "swiss"]
[EventRounds "10"]
[EventCountry "CZE"]
[SourceTitle "CBM 119 Extra"]
[Source "ChessBase"]
[SourceDate "2007.09.04"]
[SourceVersion "1"]
[SourceVersionDate "2007.09.04"]
[SourceQuality "1"]

1. e4 d6 2. d4 Nf6 3. Bd3 e5 4. c3 Be7 5. Nf3 Bg4 6. h3 Bh5 7. 0-0 Nbd7 8. Nbd2 0-0 9. Re1 c6 10. Nf1 Re8 11. Ng3 Bg6 12. Bc2 Qc7 13. Nh4 Bf8 14. f4 exf4 15. Bxf4 Qb6 16. Nxg6 hxg6 17. Rb1 c5 18. Kh1 Rac8 19. Bb3 Qc6 20. Qf3 c4 21. Bc2 Qa6 22. a3 Qa5 23. Re2 Nh5 24. Nxh5 Qxh5 25. g4 Qh4 26. Rf1 Qe7 27. g5 b5 28. Ref2 Nb6 29. Bxd6 Qd7 30. Bh2 Re7 31. h4 Qe8 32. e5 Rd7 33. Be4 Qe6 34. h5 a5 35. hxg6 fxg6 36. Kg2 b4 37. Qxf8+ Rxf8 38. Rxf8+ Kh7 39. R1f4 1-0

[Event "SVK-chT2B 0607"]
[Site "Slovakia"]
[Date "2007.03.17"]
[Round "10.2"]
[White "Lovas, Miroslav"]
[Black "Szucs, Vladimir"]
[Result "0-1"]
[WhiteElo "2008"]
[BlackElo "2144"]
[PlyCount "88"]
[EventDate "2006.10.14"]
[EventType "team-tourn"]
[EventRounds "11"]
[EventCountry "SVK"]
[SourceTitle "EXT 2008"]
[Source "ChessBase"]
[SourceDate "2007.11.25"]
[SourceVersion "1"]
[SourceVersionDate "2007.11.25"]
[SourceQuality "1"]
[WhiteTeam "Partizanske"]
[BlackTeam "Nove Zamky II"]
[WhiteTeamCountry "SVK"]
[BlackTeamCountry "SVK"]

1. e4 e6 2. Nf3 d5 3. exd5 exd5 4. d4 Nc6 5. c3 Bd6 6. Bg5 f6 7. Bh4 Nge7 8. Bd3 Be6 9. a4 Qd7 10. Nbd2 g5 11. Bg3 h5 12. Qc2 h4 13. Bxd6 Qxd6 14. Bg6+ Kd7 15. Bd3 g4 16. Ng1 g3 17. fxg3 hxg3 18. h3 Raf8 19. Ndf3 f5 20. 0-0-0 f4 21. Re1 Nf5 22. Ne5+ Nxe5 23. Rxe5 Ne3 24. Qe2 c5 25. Nf3 c4 26. Bc2 Kc7 27. Re1 Bd7 28. Ng5 Rhg8 29. Nf3 Qa6 30. Rxe3 fxe3 31. Qxe3 Qd6 32. Re2 Qf4 33. Kd2 Bxh3 34. Qxf4+ Rxf4 35. Ke3 Rxf3+ 36. Kxf3 Bg4+ 37. Ke3 Re8+ 38. Kf4 Bxe2 39. Kxg3 Bd3 40. Bd1 Re1 41. Bh5 Rb1 42. Kf4 Rxb2 43. g4 Kd6 44. Kg5 Rc2 0-1

[Event "SVK-chT2B 0506"]
[Site "Slovakia"]
[Date "2005.12.18"]
[Round "6.7"]
[White "Lovas, Miroslav"]
[Black "Rybar, Peter"]
[Result "1/2-1/2"]
[WhiteElo "2042"]
[BlackElo "1852"]
[PlyCount "28"]
[EventDate "2005.10.22"]
[EventType "team-tourn"]
[EventRounds "11"]
[EventCountry "SVK"]
[SourceTitle "EXT 2008"]
[Source "ChessBase"]
[SourceDate "2007.11.25"]
[SourceVersion "1"]
[SourceVersionDate "2007.11.25"]
[SourceQuality "1"]

1. e4 e6 2. d4 d5 3. Nd2 c5 4. exd5 exd5 5. Bb5+ Nc6 6. c3 Bd6 7. dxc5 Bxc5 8. Qe2+ Qe7 9. Ngf3 Qxe2+ 10. Bxe2 Nf6 11. 0-0 0-0 12. Nb3 Bb6 13. Bf4 Bg4 14. Bd1 Bf5 1/2-1/2